000 01030nam a2200217 a 4500
001 000041160
005 20201002034652.0
008 130920s2002 sp 001 0 spa d
020 _a8400081153
040 _aDO-SdBNP
_bspa
_cBNPHU
100 1 _aJaca, Francisco José de
_967708
245 1 0 _aResolución sobre la libertad de los negros y sus originarios, en estado de paganos y después ya cristianos :
_bla primera condena de la esclavitud en el pensamiento hispano /
_cFrancisco José de Jaca ; edición crítica por Miguel Anxo González.
260 _aMadrid :
_bConsejo Superior de Investigaciones Científicas,
_c2002.
300 _a389 p. ;
_c25 cm.
_c25 cm.
490 1 _aCorpus Hispanorum de pace.
_aSegunda serie ;
_v11
504 _aIncluye referencias bibliográficas y notas al pie de las páginas
500 _aIncluye índice
700 1 _aAnxo González, Miguel
_eed.
_967709
710 2 _aConsejo Superior de Investigaciones Científicas,
_94786
830 0 _aCorpus Hispanorum de pace.
_pSegunda serie
_n11
_967710
999 _c40650
_d40650